[Event "Girona Provincial-ch"]
[Site "Girona"]
[Date "2011.11.20"]
[Round "7"]
[White "Colls Bosch, Emilio"]
[Black "Salagran Ferragut, Guillem"]
[Result "0-1"]
[WhiteElo "2063"]
[BlackElo "1825"]
[PlyCount "80"]
[EventDate "2011.10.09"]
[EventType "swiss"]
[EventRounds "9"]
[EventCountry "ESP"]
[SourceTitle "EXT 2013"]
[Source "ChessBase"]
[SourceDate "2012.11.22"]
[SourceVersion "1"]
[SourceVersionDate "2012.11.22"]
[SourceQuality "1"]

1. d4 Nf6 2. Nf3 c5 3. d5 g6 4. c4 b5 5. cxb5 a6 6. b6 Qxb6 7. Nc3 d6 8. Nd2 Bg7 9. e4 0-0 10. Be2 Bd7 11. 0-0 Bb5 12. a4 Bxe2 13. Qxe2 Nbd7 14. Nc4 Qb4 15. a5 Ne8 16. Ra4 Qb7 17. Bg5 Nef6 18. Ra3 h6 19. Bh4 Rab8 20. Na4 Rfe8 21. Bg3 Nh5 22. Nab6 Qa7 23. Bh4 Ne5 24. Nxe5 Bxe5 25. Qd2 Bg7 26. f4 Nf6 27. Re1 Nd7 28. Nc4 Rb4 29. Rc1 Qb7 30. Rc2 Qb5 31. Rg3 Rxc4 32. e5 Rxc2 33. Qxc2 dxe5 34. f5 g5 35. Bxg5 hxg5 36. Rxg5 Qxa5 37. Qc1 Qb6 38. Qd1 Qh6 39. Rh5 Qe3+ 40. Kh1 Nf6 0-1

[Event "Girona Provincial-ch"]
[Site "Girona"]
[Date "2011.10.12"]
[Round "2"]
[White "Alarcon Pages, Salvador"]
[Black "Colls Bosch, Emilio"]
[Result "1-0"]
[WhiteElo "1742"]
[BlackElo "2063"]
[PlyCount "65"]
[EventDate "2011.10.09"]
[EventType "swiss"]
[EventRounds "9"]
[EventCountry "ESP"]
[SourceTitle "EXT 2013"]
[Source "ChessBase"]
[SourceDate "2012.11.22"]
[SourceVersion "1"]
[SourceVersionDate "2012.11.22"]
[SourceQuality "1"]

1. b3 Nf6 2. Bb2 g6 3. c4 b6 4. Nf3 Bb7 5. g3 Bg7 6. Bg2 d6 7. d3 0-0 8. e4 Nbd7 9. 0-0 e5 10. Nc3 Nc5 11. b4 Ne6 12. b5 Nd7 13. Bh3 Ndc5 14. Ba3 f5 15. exf5 gxf5 16. Nh4 Ng5 17. Bg2 e4 18. Bxc5 dxc5 19. Rc1 Qf6 20. dxe4 fxe4 21. Nd5 Qf7 22. f4 exf3 23. Nxf3 Bxd5 24. Nxg5 Bd4+ 25. Qxd4 Qxf1+ 26. Bxf1 cxd4 27. cxd5 Rf5 28. Ne6 Kh8 29. Rxc7 Rxd5 30. Bg2 d3 31. Bxd5 d2 32. Bb3 Re8 33. Rd7 1-0

[Event "Figueres op 12th"]
[Site "Figueres"]
[Date "2011.08.12"]
[Round "2"]
[White "Colls Bosch, Emilio"]
[Black "Serra Canals, Oriol"]
[Result "1-0"]
[WhiteElo "2015"]
[BlackElo "1659"]
[PlyCount "81"]
[EventDate "2011.08.11"]
[EventType "swiss"]
[EventRounds "9"]
[EventCountry "ESP"]
[SourceTitle "CBM 143 Extra"]
[Source "ChessBase"]
[SourceDate "2011.08.29"]
[SourceVersion "1"]
[SourceVersionDate "2011.08.29"]
[SourceQuality "1"]

1. e4 e5 2. Nc3 Nf6 3. g3 d5 4. exd5 Nxd5 5. Bg2 Nxc3 6. bxc3 Nc6 7. d3 Bc5 8. Be3 Bxe3 9. fxe3 0-0 10. Ne2 Be6 11. 0-0 Qd7 12. Rb1 Rab8 13. c4 Bh3 14. Nc3 Bxg2 15. Kxg2 Ne7 16. Qf3 c6 17. Ne4 b6 18. Nc3 Ng6 19. Qf5 Rbd8 20. Qxd7 Rxd7 21. a4 Rb8 22. Rb3 Rdb7 23. Rfb1 Ne7 24. Ne4 Nf5 25. Kf2 Nh6 26. Ke2 Ng4 27. h3 Nf6 28. Nc5 Re7 29. a5 g6 30. axb6 axb6 31. Rxb6 Rxb6 32. Rxb6 Rc7 33. Na6 Rc8 34. Nb4 c5 35. Rxf6 cxb4 36. Rb6 Ra8 37. Rxb4 Rd8 38. Rb5 f6 39. Rb7 g5 40. g4 h6 41. Kf3 1-0

[Event "Figueres op 11th"]
[Site "Figueres"]
[Date "2010.08.17"]
[Round "8"]
[White "Colls Bosch, Emilio"]
[Black "Sabria Batlle, Pol"]
[Result "1/2-1/2"]
[WhiteElo "2010"]
[BlackElo "2211"]
[PlyCount "28"]
[EventDate "2010.08.11"]
[EventType "swiss"]
[EventRounds "9"]
[EventCountry "ESP"]
[SourceTitle "CBM 137 Extra"]
[Source "ChessBase"]
[SourceDate "2010.09.01"]
[SourceVersion "1"]
[SourceVersionDate "2010.09.01"]
[SourceQuality "1"]

1. e4 c5 2. Nf3 e6 3. b3 Nc6 4. Bb2 d6 5. c4 Nf6 6. Nc3 Be7 7. g3 0-0 8. Bg2 a6 9. 0-0 Bd7 10. d4 cxd4 11. Nxd4 Rc8 12. Rc1 Qb6 13. Nc2 Rfd8 14. Qe2 Be8 1/2-1/2

[Event "Figueres op 11th"]
[Site "Figueres"]
[Date "2010.08.15"]
[Round "6"]
[White "Colls Bosch, Emilio"]
[Black "Abdalla, Luiz Guilherme"]
[Result "0-1"]
[WhiteElo "2010"]
[BlackElo "2253"]
[PlyCount "68"]
[EventDate "2010.08.11"]
[EventType "swiss"]
[EventRounds "9"]
[EventCountry "ESP"]
[SourceTitle "CBM 137 Extra"]
[Source "ChessBase"]
[SourceDate "2010.09.01"]
[SourceVersion "1"]
[SourceVersionDate "2010.09.01"]
[SourceQuality "1"]

1. e4 g6 2. Nc3 Bg7 3. g3 c5 4. Bg2 Nc6 5. Nge2 e6 6. 0-0 Nge7 7. d3 d6 8. Be3 Nd4 9. Qd2 0-0 10. Nd1 Rb8 11. c3 Nxe2+ 12. Qxe2 b5 13. d4 cxd4 14. Bxd4 Bxd4 15. cxd4 Nc6 16. Qd2 e5 17. d5 Nd4 18. Nc3 Qa5 19. f4 b4 20. Nd1 Ba6 21. Rf2 Nb3 22. axb3 Qxa1 23. f5 Rfc8 24. f6 Qc1 25. Qe1 Rc2 26. Rxc2 Qxc2 27. Bf3 Qxb3 28. Bg4 Bc8 29. Qd2 Bxg4 30. Nf2 Kh8 31. Nxg4 Qf3 32. Qh6 Rg8 33. Qh3 h5 34. Nh6 Qe3+ 0-1

[Event "Figueres op 11th"]
[Site "Figueres"]
[Date "2010.08.13"]
[Round "3"]
[White "Cuadras Avellana, Jordi"]
[Black "Colls Bosch, Emilio"]
[Result "1-0"]
[WhiteElo "2305"]
[BlackElo "2010"]
[PlyCount "37"]
[EventDate "2010.08.11"]
[EventType "swiss"]
[EventRounds "9"]
[EventCountry "ESP"]
[SourceTitle "CBM 137 Extra"]
[Source "ChessBase"]
[SourceDate "2010.09.01"]
[SourceVersion "1"]
[SourceVersionDate "2010.09.01"]
[SourceQuality "1"]

1. e4 Nf6 2. e5 Nd5 3. d4 d6 4. Nf3 dxe5 5. Nxe5 g6 6. Bc4 c6 7. Nc3 Be6 8. Qe2 Nxc3 9. Bxe6 fxe6 10. bxc3 Bg7 11. 0-0 Qa5 12. Nc4 Qd5 13. Re1 Kf7 14. Ne3 Qd6 15. Ba3 Qf4 16. Nd5 Qf5 17. Nc7 Nd7 18. Rad1 Rad8 19. g4 1-0

[Event "Catalunya Vilanova Salt 35th"]
[Site "Salt"]
[Date "2009.06.19"]
[Round "9.1"]
[White "Vidal Zamora, Alex"]
[Black "Colls Bosch, Emilio"]
[Result "1/2-1/2"]
[WhiteElo "2039"]
[BlackElo "2008"]
[PlyCount "66"]
[EventDate "2009.04.17"]
[EventType "swiss"]
[EventRounds "9"]
[EventCountry "ESP"]
[SourceTitle "EXT 2024"]
[Source "ChessBase"]
[SourceDate "2023.10.10"]
[SourceVersion "1"]
[SourceVersionDate "2023.10.10"]
[SourceQuality "1"]

1. e4 c5 2. Nf3 d6 3. d4 cxd4 4. Nxd4 Nf6 5. Nc3 a6 6. Be3 e5 7. Nb3 Be7 8. f3 Be6 9. Qd2 0-0 10. 0-0-0 a5 11. Bb5 Na6 12. g4 Qb8 13. Bb6 Nc7 14. Ba4 Ra6 15. Qf2 Nd7 16. Bxd7 Bxd7 17. Bxa5 b6 18. Bb4 b5 19. a3 Be6 20. Kb1 Rc6 21. Nd5 Bxd5 22. exd5 Ra6 23. Na5 Re8 24. Qd2 Qa8 25. h4 Bf8 26. Rhe1 Qd8 27. g5 Qd7 28. Qd3 Rb6 29. Qe4 Na6 30. Nc6 Nb8 31. Nd4 Rc8 32. Nc6 Nxc6 33. dxc6 Qxc6 1/2-1/2

[Event "Catalunya Vilanova Salt 35th"]
[Site "Salt"]
[Date "2009.05.22"]
[Round "5.7"]
[White "Colls Bosch, Emilio"]
[Black "Gallart Vila, Joan"]
[Result "1-0"]
[WhiteElo "2008"]
[BlackElo "1825"]
[PlyCount "71"]
[EventDate "2009.04.17"]
[EventType "swiss"]
[EventRounds "9"]
[EventCountry "ESP"]
[SourceTitle "EXT 2024"]
[Source "ChessBase"]
[SourceDate "2023.10.10"]
[SourceVersion "1"]
[SourceVersionDate "2023.10.10"]
[SourceQuality "1"]

1. e4 c5 2. Nf3 Nc6 3. Bb5 Nd4 4. Nxd4 cxd4 5. Bc4 Nf6 6. e5 Ne4 7. Bxf7+ Kxf7 8. Qf3+ Ke8 9. Qxe4 Qb6 10. b3 e6 11. 0-0 a5 12. a4 g6 13. Bb2 Bc5 14. d3 Rf8 15. Nd2 Rf5 16. Qh4 Rh5 17. Qf6 Qc7 18. Nc4 d5 19. exd6 Bxd6 20. Nxd6+ Qxd6 21. g3 Qf8 22. Qxf8+ Kxf8 23. Bxd4 Ke7 24. Rae1 Ra6 25. f4 Rd6 26. Bb2 Kf7 27. Be5 Rd5 28. Kg2 b5 29. g4 Rh6 30. Kg3 Bd7 31. axb5 Bxb5 32. h4 a4 33. bxa4 Bxa4 34. Re2 Bxc2 35. Rxc2 Rxd3+ 36. Rf3 1-0

[Event "Catalunya Vilanova Salt 35th"]
[Site "Salt"]
[Date "2009.04.17"]
[Round "1.8"]
[White "Colls Bosch, Emilio"]
[Black "Alejo Alvarez, Ricardo"]
[Result "0-1"]
[WhiteElo "2008"]
[BlackElo "1905"]
[PlyCount "86"]
[EventDate "2009.04.17"]
[EventType "swiss"]
[EventRounds "9"]
[EventCountry "ESP"]
[SourceTitle "EXT 2024"]
[Source "ChessBase"]
[SourceDate "2023.10.10"]
[SourceVersion "1"]
[SourceVersionDate "2023.10.10"]
[SourceQuality "1"]

1. e4 e5 2. Nc3 Nf6 3. g3 Nc6 4. Bg2 Bc5 5. Nge2 d6 6. Na4 Bb6 7. Nxb6 axb6 8. 0-0 h5 9. d4 h4 10. Bg5 hxg3 11. fxg3 Bg4 12. Bf3 Qd7 13. d5 Bxf3 14. Rxf3 Qg4 15. Rxf6 gxf6 16. Bxf6 Rh6 17. dxc6 Rxf6 18. cxb7 Rb8 19. Nc3 Qxd1+ 20. Rxd1 Rxb7 21. Nd5 Rh6 22. Ne3 Ra7 23. Nf5 Rh7 24. a3 Kd7 25. Kg2 Ke6 26. h4 Ra5 27. c4 Ra4 28. Ne3 c6 29. Kf3 Rh8 30. g4 b5 31. cxb5 cxb5 32. h5 b4 33. Nf5 Rd8 34. axb4 Rxb4 35. Rd2 Rb3+ 36. Ne3 Kf6 37. Rc2 d5 38. exd5 Rxd5 39. Rc3 Rd3 40. Ke4 Rd4+ 41. Kf3 Rxb2 42. Rc6+ Kg5 43. Rc7 Rf4+ 0-1

[Event "ESP-ch Universities"]
[Site "Madrid"]
[Date "2008.05.08"]
[Round "2"]
[White "Colls Bosch, Emilio"]
[Black "Garcia Gil, Jesus"]
[Result "1/2-1/2"]
[WhiteElo "2030"]
[BlackElo "1795"]
[PlyCount "110"]
[EventDate "2008.05.08"]
[EventType "swiss"]
[EventRounds "9"]
[EventCountry "ESP"]
[SourceTitle "CBM 124 Extra"]
[Source "ChessBase"]
[SourceDate "2008.07.03"]
[SourceVersion "1"]
[SourceVersionDate "2008.07.03"]
[SourceQuality "1"]

1. e4 e6 2. d4 d5 3. Nd2 Nf6 4. e5 Nfd7 5. Bd3 c5 6. c3 Nc6 7. Ne2 Qb6 8. Nf3 Be7 9. b3 cxd4 10. cxd4 f6 11. exf6 Nxf6 12. 0-0 0-0 13. Bg5 h6 14. Bh4 Bd6 15. Bg3 Qc7 16. Rc1 Qe7 17. Nh4 Bxg3 18. hxg3 Qd6 19. Ng6 Rf7 20. Bb1 e5 21. Rxc6 Qxc6 22. Nxe5 Qc7 23. Nxf7 Qxf7 24. Nf4 Bg4 25. f3 Be6 26. Re1 Bd7 27. Bg6 Qf8 28. Nd3 Be8 29. Ne5 Bxg6 30. Nxg6 Qd6 31. g4 Re8 32. Rxe8+ Nxe8 33. Qd3 Qb4 34. Qe3 Nf6 35. Ne7+ Kh8 36. Nf5 Qa3 37. g5 Qxa2 38. Nxh6 Qb1+ 39. Kh2 Qg6 40. Qe6 Qh5+ 41. Kg1 Qe8 42. Nf7+ Kg8 43. Nh6+ Kh8 44. Qh3 Qh5 45. gxf6 Qxh3 46. fxg7+ Kxg7 47. gxh3 Kxh6 48. Kf2 a5 49. Ke3 b5 50. f4 Kh5 51. Kd3 Kh6 52. h4 Kh5 53. f5 Kh6 54. Kd2 Kh5 55. Kc3 Kh6 1/2-1/2

[Event "Gironi-ch A"]
[Site "Sant Gregori"]
[Date "2007.11.18"]
[Round "7.1"]
[White "Colls Bosch, Emilio"]
[Black "Alonso Rosell, Alvar"]
[Result "0-1"]
[WhiteElo "1994"]
[BlackElo "2343"]
[PlyCount "44"]
[EventDate "2007.10.07"]
[EventType "swiss"]
[EventRounds "8"]
[EventCountry "ESP"]
[SourceTitle "EXT 2024"]
[Source "ChessBase"]
[SourceDate "2023.10.10"]
[SourceVersion "1"]
[SourceVersionDate "2023.10.10"]
[SourceQuality "1"]

1. e4 c5 2. Nf3 d6 3. d4 cxd4 4. Nxd4 Nf6 5. Nc3 a6 6. Bg5 e6 7. f4 Be7 8. Qf3 Qc7 9. 0-0-0 Nbd7 10. g4 0-0 11. Bg2 Rb8 12. Bh4 Nb6 13. g5 Nfd7 14. Qg3 Nc5 15. f5 g6 16. f6 Bd8 17. Nb3 Nc4 18. Nd2 b5 19. Nxc4 bxc4 20. Qxd6 Nd3+ 21. Rxd3 cxd3 22. Qxd3 Qf4+ 0-1

[Event "Gironi-ch A"]
[Site "Sant Gregori"]
[Date "2007.10.21"]
[Round "3.3"]
[White "Parals Marce, Luis"]
[Black "Colls Bosch, Emilio"]
[Result "0-1"]
[WhiteElo "2073"]
[BlackElo "1994"]
[PlyCount "90"]
[EventDate "2007.10.07"]
[EventType "swiss"]
[EventRounds "8"]
[EventCountry "ESP"]
[SourceTitle "EXT 2024"]
[Source "ChessBase"]
[SourceDate "2023.10.10"]
[SourceVersion "1"]
[SourceVersionDate "2023.10.10"]
[SourceQuality "1"]

1. Nf3 Nf6 2. c4 e6 3. Nc3 d5 4. d4 Be7 5. Bf4 c6 6. e3 Nbd7 7. cxd5 Nxd5 8. Nxd5 exd5 9. Bd3 Nf6 10. Qc2 Qa5+ 11. Nd2 Nh5 12. Be5 f6 13. Bg3 Bb4 14. a3 Bxd2+ 15. Qxd2 Qxd2+ 16. Kxd2 Nxg3 17. hxg3 Kf7 18. Bxh7 Bg4 19. Bd3 Bh5 20. b4 a6 21. Rac1 Bg6 22. Be2 Rhc8 23. g4 b6 24. Rc3 Ke7 25. Rhc1 Kd6 26. f4 Be4 27. Bf3 Bxf3 28. gxf3 a5 29. b5 c5 30. dxc5+ bxc5 31. a4 Rc7 32. Rh1 Re8 33. Rh5 c4 34. Rc1 g6 35. Rh6 Rce7 36. Rxg6 Rxe3 37. Rxf6+ Kc5 38. Rc6+ Kd4 39. Rd1 Re2+ 40. Kc1+ Kc3 41. Rxd5 Rh8 42. Kd1 Rhh2 43. Rh6 Rhg2 44. f5 Rb2 45. Kc1 Rbc2+ 0-1